| 000 | 00797nam a22002057a 4500 | ||
|---|---|---|---|
| 999 |
_c4077 _d4077 |
||
| 003 | AR-CdUCM | ||
| 008 | 190307b ||||| |||| 00| 0 spa d | ||
| 040 |
_aMUNICIPALIDAD PROVINCIAL DEL CUSCO _cBIBLIOTECA MUNICIPAL DEL CUSCO |
||
| 082 |
_a370 . 519 / _bC1 |
||
| 110 |
_aMinisterio de Educación _97325 |
||
| 245 |
_aCifras de la educación : _b1998 - 2003 / |
||
| 260 |
_aLima : _bMinisterio de Educación, _c2004. |
||
| 300 |
_a285 páginas ; _c29 cm. |
||
| 505 | _aContenido: Matrícula -- Docentes -- Personal administrativo -- Centros y programas educativos ... | ||
| 650 |
_aEstadísticas - Perú - Sector educación _912954 |
||
| 650 |
_aestadísticas - Evolución - Educación _912955 |
||
| 650 |
_aSituación de la educación - Perú _912956 |
||
| 942 |
_2ddc _cLIBROS |
||
| 945 | _alccs | ||